A statistical profile of the teaching profession/ by María Teresa Siniscalco. (Record no. 137773)

MARC details
000 -CABECERA
campo de control de longitud fija 00716nam a2200217 a 4500
005 - FECHA Y HORA DE LA ÚLTIMA TRANSACCIÓN
campo de control 20210219160442.0
008 - ELEMENTOS DE LONGITUD FIJA--INFORMACIÓN GENERAL
campo de control de longitud fija 081108s2000 mx r 000 0 spa d
020 ## - NÚMERO INTERNACIONAL NORMALIZADO PARA LIBROS
Número Internacional Estándar del Libro 9221131157
035 ## - NÚMERO DE CONTROL DEL SISTEMA
Número de control de sistema UPN01000165661
049 ## - COLECCIÓN
Colección UNE
080 ## - NÚMERO DE CLASIFICACIÓN DECIMAL UNIVERSAL
Número de la Clasificación Decimal Universal OC 31: 371.12 (100) =20 "2002" SIN.
100 1# - ASIENTO PRINCIPAL--NOMBRE PERSONAL
Nombre de persona Siniscalco, María Teresa
245 10 - MENCIÓN DE TÍTULO
Título A statistical profile of the teaching profession/ by María Teresa Siniscalco.
260 ## - PUBLICACIÓN, DISTRIBUCIÓN, ETC.
Lugar de publicación, distribución, etc. Paris: UNESCO; Geneva: ILO, 2002.
690 ## - PUNTO DE ACCESO ADICIONAL DE MATERIA LOCAL--TÉRMINO DE MATERIA (OCLC, RLIN)
Término de materia o nombre geográfico como elemento inicial Condiciones de empleo de los docentes
690 ## - PUNTO DE ACCESO ADICIONAL DE MATERIA LOCAL--TÉRMINO DE MATERIA (OCLC, RLIN)
Término de materia o nombre geográfico como elemento inicial Estadísticas educacionales
690 ## - PUNTO DE ACCESO ADICIONAL DE MATERIA LOCAL--TÉRMINO DE MATERIA (OCLC, RLIN)
Término de materia o nombre geográfico como elemento inicial Calificaciones del docente
690 ## - PUNTO DE ACCESO ADICIONAL DE MATERIA LOCAL--TÉRMINO DE MATERIA (OCLC, RLIN)
Término de materia o nombre geográfico como elemento inicial Renumeración del docente
710 2# - ASIENTO SECUNDARIO - NOMBRE CORPORATIVO
Nombre de entidad corporativa o nombre de jurisdicción como elemento de entrada OIT. Oficina Internacional de Trabajo
905 ## - TIPO DE MATERIAL
Tipo de material UNESCO

No items available.